Score 0/12 Timer 04:00
1 Play Today
% Correct
Cancer
96.1%
Sagittarius
94.5%
Scorpio
94.2%
Aries
93.1%
Leo
92%
Gemini
82.1%
Libra
81.1%
Aquarius
79.3%
Taurus
79.3%
Capricorn
74.7%
Pisces
72.1%
Virgo
67.5%
Remove Ads.
Support Sporcle.
Get the best of Sporcle when you Go Orange. This ad-free experience offers more features, more stats, and more fun while also helping to support Sporcle. Thank you for becoming a member.

You're not logged in!

Compare scores with friends on all Sporcle quizzes.
OR
Log In

Show Comments

Extras

Created May 21, 2018ReportNominate
Tags:horoscope, The Zodiac

Top Quizzes Today


Score Distribution

Your Account Isn't Verified!

In order to create a playlist on Sporcle, you need to verify the email address you used during registration. Go to your Sporcle Settings to finish the process.

Report this User

Report this user for behavior that violates our Community Guidelines.

Details: